Quick closure in litigation (Record no. 69425)

MARC details
000 -LEADER
fixed length control field 00670cam a2200193 4500
001 - CONTROL NUMBER
control field ABS65019
008 - FIXED-LENGTH DATA ELEMENTS--GENERAL INFORMATION
fixed length control field 020204n2002 000 0 eng u
035 ## - SYSTEM CONTROL NUMBER
System control number (Sirsi) u116591
100 ## - MAIN ENTRY--PERSONAL NAME
Personal name Michaelson, J
245 ## - TITLE STATEMENT
Title Quick closure in litigation
260 ## - PUBLICATION, DISTRIBUTION, ETC.
Date of publication, distribution, etc. 2002
490 ## - SERIES STATEMENT
Series statement New Law Journal
Volume/sequential designation 152(7014) 11 January 2002, 24-25(2)
520 ## - SUMMARY, ETC.
Summary, etc. Advises on issuing a claim under CPR pt 8 instead of CPR pt 7, whether parties with short factual disputes can issue under CPR pt 8 and when a traditional CPR pt 7 method would be better.
590 ## - LOCAL NOTE (RLIN)
Local note ABS
650 ## - SUBJECT ADDED ENTRY--TOPICAL TERM
Topical term or geographic name entry element CIVIL PROCEDURE RULES
650 ## - SUBJECT ADDED ENTRY--TOPICAL TERM
Topical term or geographic name entry element CLOSURE
690 ## - LOCAL SUBJECT ADDED ENTRY--TOPICAL TERM (OCLC, RLIN)
Topical term or geographic name as entry element Dispute resolution
9 (RLIN) 6236
942 ## - ADDED ENTRY ELEMENTS (KOHA)
Suppress in OPAC 0
Holdings
Withdrawn status Lost status Source of classification or shelving scheme Damaged status Not for loan Home library Current library Shelving location Date acquired Total Checkouts Full call number Barcode Date last seen Copy number Price effective from Koha item type
    Dewey Decimal Classification     London London Journal article 04/02/2002   ABS65019 116591-1001 06/08/2019 1 06/08/2019 Journal article